[Event "Bratislava exe op"]
[Site "Bratislava"]
[Date "2023.09.19"]
[Round "5"]
[White "Kozub, Lukas"]
[Black "Miasik, Adrian"]
[Result "0-1"]
[WhiteElo "1331"]
[BlackElo "2056"]
[PlyCount "73"]
[EventDate "2023.09.15"]
[EventType "swiss"]
[EventRounds "9"]
[EventCountry "SVK"]
[SourceTitle "EXT 2024"]
[Source "ChessBase"]
[SourceDate "2023.10.10"]
[SourceVersion "1"]
[SourceVersionDate "2023.10.10"]
[SourceQuality "1"]

1. e4 c5 2. a3 g6 3. Nc3 Bg7 4. f4 Nc6 5. Nf3 d6 6. Bb5 Bd7 7. Bxc6 Bxc6 8. 0-0 Nf6 9. d3 0-0 10. Qe1 e6 11. h3 b5 12. g4 a5 13. Qh4 Nd7 14. f5 Qxh4 15. Nxh4 b4 16. Nd1 c4 17. fxe6 fxe6 18. Rxf8+ Kxf8 19. axb4 axb4 20. Rxa8+ Bxa8 21. Nf3 Nc5 22. Nf2 b3 23. cxb3 Nxb3 24. Bf4 e5 25. Be3 cxd3 26. Nxd3 Bxe4 27. Nde1 h6 28. Kf2 Ke7 29. Nd2 Nxd2 30. Bxd2 Ke6 31. Ke3 Kd5 32. h4 h5 33. gxh5 gxh5 34. Nd3 Bh6+ 35. Ke2 Bxd3+ 36. Kxd3 Bxd2 37. Kxd2 0-1